Floreana, lista de correos : (Record no. 142540)

MARC details
000 -LEADER
campo de control de longitud fija 00737nam a2200205 i 4500
001 - NÚMERO DE CONTROL
campo de control 142540
003 - IDENTIFICADOR DE NÚMERO DE CONTROL
campo de control ES-MaACL
005 - FECHA Y HORA DE LA ÚLTIMA TRANSACCIÓN
campo de control 20230906200542.0
007 - CAMPO FIJO DE DESCRIPCIÓN FÍSICA--INFORMACIÓN GENERAL
campo de control de longitud fija t|
008 - DATOS DE LONGITUD FIJA--INFORMACIÓN GENERAL
campo de control de longitud fija 071005s1960 sp ||||1| spa d
100 1# - ENTRADA PRINCIPAL--NOMBRE DE PERSONA
Nombre de persona Wittmer, Margret.
9 (RLIN) 117195
245 10 - MENCIÓN DEL TÍTULO
Título Floreana, lista de correos :
Resto del título una mujer Robinson en las islas Galápagos /
Mención de responsabilidad, etc. Margret Wittmer ; [con la colaboración de Hans Joachim Heinrich] ; [traducción de Mariano Horta Manzano].
260 ## - PUBLICACIÓN, DISTRIBUCIÓN, ETC.
Lugar de publicación, distribución, etc. Barcelona :
Nombre del editor, distribuidor, etc. Juventud,
Fecha de publicación, distribución, etc. 1960.
300 ## - DESCRIPCIÓN FÍSICA
Extensión 255 p. ;
Dimensiones 24 cm.
600 14 - PUNTO DE ACCESO ADICIONAL DE MATERIA--NOMBRE DE PERSONA
Nombre de persona Wittmer, Margret.
9 (RLIN) 117195
651 #4 - PUNTO DE ACCESO ADICIONAL DE MATERIA--NOMBRE GEOGRÁFICO
Nombre geográfico Floreana-
Subdivisión general Descripción.
9 (RLIN) 8667
700 1# - ENTRADA AGREGADA--NOMBRE PERSONAL
Nombre de persona Heinrich, Hans Joachim.
9 (RLIN) 62382
700 1# - ENTRADA AGREGADA--NOMBRE PERSONAL
Nombre de persona Horta Manzano, Mariano.
9 (RLIN) 64255
852 4# - LOCALIZACIÓN
Ubicación ES-MaACL
Número de control de estantería C-19565
Holdings
Estatus retirado Estado de pérdida Estado de daño No para préstamo Biblioteca de origen Biblioteca actual Ubicación en estantería Fecha de adquisición Fuente de adquisición Total de préstamos Signatura topográfica completa Código de barras Visto por última vez Precio de reemplazo Tipo de ítem Koha
        Biblioteca del Ateneo de Madrid Biblioteca del Ateneo de Madrid Galería 17/01/2008     C-19565 1148311 23/02/2023 23/02/2023 Libro impreso